000 00709cam a22002173a 4500
001 40803
003 PGUSA
005 20140828083919.0
008 120919s2012||||xxu|||||s|||||000 | eng d
040 _aPGUSA
_beng
042 _adc
100 1 _aHakluyt, Richard,
_d-1616
245 1 4 _aThe Principal Navigations, Voyages, Traffiques, and Discoveries of the English Nation, Volume XIV (of 16) :
_bAmerica, Part III
_h[electronic resource] /
_cRichard Hakluyt
260 _bProject Gutenberg,
_c2012
506 _aPublic domain in the USA.
516 _aElectronic text
700 1 _aGoldsmid, Edmund
830 0 _aProject Gutenberg
_v40803
856 4 0 _uhttp://www.gutenberg.org/ebooks/40803
942 _cEB
999 _c270055
_d270055